书目信息 |
| 题名: |
新农村住宅建筑设计
|
|
| 作者: | 骆中钊 , 卢昆山 , 王声炜 编著 | |
| 分册: | ||
| 出版信息: | 北京 金盾出版社 2015.12 |
|
| 页数: | 257页 | |
| 开本: | 23cm | |
| 丛书名: | 美丽乡村住宅建设丛书 | |
| 单 册: | ||
| 中图分类: | TU241.4 | |
| 科图分类: | ||
| 主题词: | 农村住宅--建筑设计 | |
| 电子资源: | ||
| ISBN: | 978-7-5186-0568-2 | |
| 000 | 00957oam2 2200277 450 | |
| 001 | 0400001661 | |
| 005 | 20171019095449.0 | |
| 010 | @a978-7-5186-0568-2@dCNY53.00 | |
| 100 | @a20150920d2015 em y0chiy50 ea | |
| 101 | 0 | @achi |
| 102 | @aCN@b110000 | |
| 105 | @aa z 000yy | |
| 106 | @ar | |
| 200 | 1 | @a新农村住宅建筑设计@9xin nong cun zhu zhai jian zhu she ji@f骆中钊,卢昆山,王声炜编著 |
| 210 | @a北京@c金盾出版社@d2015.12 | |
| 215 | @a257页@c图@d23cm | |
| 225 | 1 | @a美丽乡村住宅建设丛书 |
| 330 | @a本书是作者长期深入农村基层进行调查研究的总结,主要内容包括:更新观念服务美丽乡村、弘扬优秀民居建筑文化、新农村住宅的设计理念等。 | |
| 461 | 0 | @12001 @a美丽乡村住宅建设丛书 |
| 606 | 0 | @a农村住宅@x建筑设计 |
| 690 | @aTU241.4@v5 | |
| 701 | 0 | @a骆中钊@9luo zhong zhao@f(1939-)@4编著 |
| 701 | 0 | @a卢昆山@9lu kun shan@4编著 |
| 701 | 0 | @a王声炜@9wang sheng wei@4编著 |
| 801 | 0 | @aCN@b91MARC@c20171019 |
| 905 | @b1030136-40@dTU241.4@f5@e1103 | |
| 新农村住宅建筑设计/骆中钊,卢昆山,王声炜编著.-北京:金盾出版社,2015.12 |
| 257页:图;23cm.-(美丽乡村住宅建设丛书) |
| ISBN 978-7-5186-0568-2:CNY53.00 |
| 本书是作者长期深入农村基层进行调查研究的总结,主要内容包括:更新观念服务美丽乡村、弘扬优秀民居建筑文化、新农村住宅的设计理念等。 |
| ● |
| 相关链接 |
|
|
|
|
正题名:新农村住宅建筑设计
索取号:TU241.4/1103
 
预约/预借
| 序号 | 登录号 | 条形码 | 馆藏地/架位号 | 状态 | 备注 |
| 1 | 1030136 | 210301369 | 第二样本阅览室/ [索取号:TU241.4/1103] | 在馆 | |
| 2 | 1030137 | 210301378 | 密集书库-生命科学系/ [索取号:TU241.4/1103] | 在馆 | |
| 3 | 1030138 | 210301387 | 第三借阅区/ [索取号:TU241.4/1103] | 在馆 | |
| 4 | 1030139 | 210301396 | 第三借阅区/ [索取号:TU241.4/1103] | 在馆 | |
| 5 | 1030140 | 210301403 | 第三借阅区/ [索取号:TU241.4/1103] | 在馆 |